000 00471nam a2200169Ia 4500
008 230917s9999||||xx |||||||||||||| ||und||
020 _cRS 1150.00
040 _e5002304
_aMAIN
041 _aEnglish
082 _a791.430954 G646C
100 _aGopalan, Lalitha
245 0 _aCinemas dark and slow in digital India
260 _aNew Delhi
_bOrient BlackSwan
_c2021
300 _axvi, 464 p.
500 _a4655 06/12/2022 HBD23/9670 19/01/2023 Main Budget
942 _cBK
999 _c6435
_d6435